000 00605nam a2200169 i 4500
001 162263
003 ES-MaACL
005 20230906212451.0
008 940301s1880 sp |||| | spa d
040 _aAS
_bspa
100 1 _aPlayfair, W.S.
_9131216
245 1 0 _aTratado teórico y práctico del arte de los partos /
_cobra escrita en inglés por W.-S. Playfair ; versión española de Ramón Serret Comín.
260 _aMadrid :
_b[s.n.],
_c1880 (
_fEnrique Teodoro)
300 _a2 v. :
_bil. ;
_c24 cm.
700 1 _aSerret Comín, Ramón.
_9105834
852 _aES-MaACL
_jF-12294-95
_z-- Enc. hol.
999 _c162263
_d162263